书目信息 |
| 题名: |
SQL注入攻击与防御
|
|
| 作者: | 克拉克 , 克拉克 著 ;叶愫 , 施宏斌 译 | |
| 分册: | ||
| 出版信息: | 北京 清华大学出版社 2013 |
|
| 页数: | 12,426页 | |
| 开本: | 26cm | |
| 丛书名: | 安全技术经典译丛 | |
| 单 册: | ||
| 中图分类: | TP311.138SQ , TP311.138 | |
| 科图分类: | ||
| 主题词: | 关系数据库--数据库管理系统--安全技术 , 关系数据库 , 数据库管理系统 | |
| 电子资源: | ||
| ISBN: | 978-7-302-34005-8 | |
| 000 | 01289oam2 2200373 450 | |
| 001 | 140181 | |
| 005 | 20140925113637.40 | |
| 010 | @a978-7-302-34005-8@dCNY 59.80 | |
| 100 | @a20131204d2013 em y0chiy50 ea | |
| 101 | 1 | @achi@ceng |
| 102 | @aCN@b110000 | |
| 105 | @ay z 000yy | |
| 200 | 1 | @aSQL注入攻击与防御@ASQL zhu ru gong ji yu fang yu@b专著@f(美)克拉克著@F(mei)ke la ke zhu@g施宏斌,叶愫译 |
| 205 | @a2版 | |
| 210 | @a北京@c清华大学出版社@d2013 | |
| 215 | @a12,426页@d26cm | |
| 225 | 2 | @a安全技术经典译丛 |
| 305 | @aElsevier(Singapore)Pte Ltd.授权出版 | |
| 312 | @a封面英文题名:SQL injection attacks and defense | |
| 330 | @a本书介绍了SQL注入的基本概念,如何发现、确认并利用SQL注入和SQL盲注,利用操作系统防御SQL注入,SQL注入的一些高级话题,代码层和平台层防御等知识。 | |
| 410 | 0 | @1001003279184 |
| 510 | 1 | @aSQL injection attacks and defense@zeng |
| 606 | 0 | @a关系数据库@x数据库管理系统@x安全技术 |
| 606 | 0 | @a关系数据库 |
| 606 | 0 | @a数据库管理系统 |
| 610 | 0 | @aSQL |
| 690 | @aTP311.138SQ@v5 | |
| 690 | @aTP311.138@v4 | |
| 701 | 0 | @c(美)@a克拉克@Ake la ke@c(Clarke, Justin)@4著 |
| 701 | 0 | @a克拉克@Ake la ke@4著 |
| 702 | 0 | @a叶愫@Aye su@4译 |
| 702 | 0 | @a施宏斌@Ashi hong bin@4译 |
| 801 | 0 | @c20140925 |
| 905 | @a241430@dTP311.138@eK630=2 | |
| SQL注入攻击与防御/(美)克拉克著/施宏斌,叶愫译.-2版.-北京:清华大学出版社,2013 |
| 12,426页;26cm.-(安全技术经典译丛) |
| ISBN 978-7-302-34005-8:CNY 59.80 |
| 本书介绍了SQL注入的基本概念,如何发现、确认并利用SQL注入和SQL盲注,利用操作系统防御SQL注入,SQL注入的一些高级话题,代码层和平台层防御等知识。 |
| ● |
| 相关链接 |
|
|
|
正题名:SQL注入攻击与防御
索取号:TP311.138/K630=2
 
预约/预借
| 序号 | 登录号 | 条形码 | 馆藏地/架位号 | 状态 | 备注 |
| 1 | 0833851 | 208338510 | 自科库301/301自科库 48排3列5层/ [索取号:TP311.138/K630=2] | 在馆 | |
| 2 | 0833852 | 208338529 | 自科二线404/404自科库 12排4列5层/ [索取号:TP311.138/K630=2] | 在馆 | |
| 3 | 0833853 | 208338538 | 自科库301/301自科库 48排3列5层/ [索取号:TP311.138/K630=2] | 在馆 |